[Event "63rd ch-RUS w 2013"]
[Site "Nizhny Novgorod RUS"]
[Date "2013.10.14"]
[Round "9.5"]
[White "Kashlinskaya, Alina"]
[Black "Charochkina, Daria"]
[Result "1/2-1/2"]
[WhiteTitle "WGM"]
[BlackTitle "WGM"]
[WhiteElo "2435"]
[BlackElo "2343"]
[WhiteFideId "4198026"]
[BlackFideId "4180917"]
[EventDate "2013.10.05"]

1. e4 c6 2. d4 d5 3. e5 c5 4. c3 Nc6 5. Be2 cxd4 6. cxd4 Qb6 7. Nf3 Bg4 8. O-O
e6 9. Nbd2 Nh6 10. h3 Bxf3 11. Nxf3 Nf5 12. Be3 Nxe3 13. fxe3 Be7 14. Rb1 O-O
15. b4 f6 16. b5 Na5 17. Qd2 Rfc8 18. exf6 Bxf6 19. Nh2 Nc4 20. Bxc4 dxc4 21.
Ng4 Bg5 22. Qc3 a6 23. d5 h5 24. bxa6 Qxa6 25. Qe5 hxg4 26. Qxg5 c3 27. Qe7 c2
28. Rbc1 exd5 29. Qf7+ Kh7 30. Rf5 Rc6 31. Rxc2 Rh6 32. Rg5 Qf6 33. Qxf6 Rxf6
34. Rxg4 Ra3 35. Rg3 Rc6 36. Rb2 Rg6 37. Rxg6 Kxg6 38. Kf2 Kf5 39. Rxb7 Rxa2+
40. Kf3 Kf6 41. Rd7 Rd2 42. h4 Rd1 43. g4 Rf1+ 44. Ke2 Rh1 45. h5 Rh2+ 46. Kf3
Rd2 47. Rd6+ Kf7 48. Kf4 Rf2+ 49. Kg5 Rf3 50. Rd7+ Kf8 51. h6 gxh6+ 52. Kxh6
Rh3+ 53. Kg6 Rxe3 54. g5 Rd3 55. Rf7+ Kg8 56. Ra7 Kf8 57. Ra8+ Ke7 58. Kg7 Rg3
59. g6 d4 60. Ra1 d3 61. Re1+ 1/2-1/2